|
|
|
|
| LEADER |
00000nab a2200000 a 4500 |
| 001 |
vtls000884391 |
| 003 |
SK-MaSNL |
| 005 |
20260304105631.0 |
| 008 |
250429c2004 xo 0 slo |
| 015 |
|
|
|a SNBRB2004/09-27895
|
| 035 |
|
|
|a CLN000235853
|
| 035 |
|
|
|a urn:nbn:sk:snk-abtae
|
| 035 |
|
|
|a (urnnbn)urn:nbn:sk:snk:ar-a056w8
|
| 035 |
|
|
|a (uuid)ad782734-1bb8-4524-931d-85eb6b419d93
|
| 040 |
|
|
|a SNKBUCL
|b slo
|c SNKBUCL
|e AACR2
|
| 041 |
0 |
|
|a slo
|
| 044 |
|
|
|a xo
|c SK
|
| 080 |
|
|
|a 613.292
|2 1997
|
| 100 |
1 |
|
|a Litomerický, Štefan,
|d 1927-2020
|4 aut
|9 13887
|
| 245 |
1 |
0 |
|a Výživové suplementa a zdravotné okolnosti: vital štúdia
|c Š. Litomerický
|
| 246 |
1 |
1 |
|a Dietary supplement use and medical conditions: The vital study
|
| 500 |
|
|
|a Satia-Abouta, J., Kristal, A.R., Patterson, R.E. et al.: Am. J. Prevent Med. 24, 2003, č. 1, s. 43-51
|
| 650 |
0 |
7 |
|a potravinové doplnky
|2 MESH
|9 68313
|
| 650 |
0 |
7 |
|a abstrakty
|2 MESH
|9 90504
|
| 655 |
|
7 |
|a články z novín a časopisov
|2 snkbucl
|9 267496
|
| 773 |
0 |
|
|t Slovenský lekár
|g Roč. 14 (28), č. 5-6 (2004), s. 143
|x 1335-0234
|
| 850 |
|
|
|a Slovenská národná knižnica
|
| 852 |
|
|
|a Slovenská národná knižnica
|
| 954 |
|
|
|a odborná, vedecká literatúra pôvodná (slovenská)
|2 lita
|
| 958 |
|
|
|a article27
|
| 958 |
|
|
|a MI
|
| 958 |
|
|
|a OND
|
| 958 |
|
|
|a EUIPO
|
| 992 |
|
|
|a RBX
|
| 999 |
|
|
|c 2856413
|d 2858343
|